Certificate of secondary education: Experimental examinations-Methematics 2 (Record no. 6497)

MARC details
000 -LEADER
fixed length control field 00448nam a2200145Ia 4500
005 - DATE AND TIME OF LATEST TRANSACTION
control field 20240814115906.0
008 - FIXED-LENGTH DATA ELEMENTS--GENERAL INFORMATION
fixed length control field 240813s9999||||xx |||||||||||||| ||und||
082 ## - DEWEY DECIMAL CLASSIFICATION NUMBER
Classification number 373.19 GRE
100 ## - MAIN ENTRY--PERSONAL NAME
Personal name Great Britain, The School Council London
245 #0 - TITLE STATEMENT
Title Certificate of secondary education: Experimental examinations-Methematics 2
260 ## - PUBLICATION, DISTRIBUTION, ETC.
Place of publication, distribution, etc. London
Name of publisher, distributor, etc. Her Majesty's Stationary office
Date of publication, distribution, etc. 1965
300 ## - PHYSICAL DESCRIPTION
Extent 74p
650 ## - SUBJECT ADDED ENTRY--TOPICAL TERM
Topical term or geographic name entry element Secondary Education
942 ## - ADDED ENTRY ELEMENTS (KOHA)
Koha item type Book
Holdings
Withdrawn status Lost status Damaged status Not for loan Home library Current library Date acquired Total checkouts Barcode Date last seen Price effective from Koha item type
        Library and Documentation Division NCERT Library and Documentation Division NCERT 08/14/2024   6801 08/14/2024 08/14/2024 Book